000 01255nam a2200325 i 4500
003 EG-GICUC
005 20260126171753.0
008 260109s2006 ua ||||fr|||| 00| 0 ara d
017 _a2006/18196
020 _a4770450057
040 _a EG-GICUC
_bara
_c EG-GICUC
_d EG-GICUC
_erda
041 _aara
082 0 4 _221
_a343.3917
_bب ر . ش
092 0 4 _221
099 _aLaw1 10 343.3917 ب ر . ش2006
100 0 _aبرهامي أبو بكر عزمى
_eمؤلف.
245 1 2 _aالشرعية الإجرائية للأدلة العلمية :
_b"دراسة تحليلية لأعمال الخبرة" /
_cتأليف عقيد خبير دكتور برهامي أبو بكر عزمى.
264 1 _aالقاهرة :
_bدار النهضة العربية،
_c2006.
300 _a703 صفحة ;
_c24 سم.
336 _2rda content
_atext
337 _2rda media
_aComputer
338 _2rda carrier
_aOnline Resource
504 _aيشتمل على ارجاعات ببليوجرافية.
650 1 _aالقانون الجنائي
650 1 _aأنواع الأدلة الجنائيي
650 1 _aالأدلة العلمية
856 4 0 _uhttps://fll.law.cu.edu.eg/fulltext/bks/B10-06075.pdf
905 _a43
_eYara
942 _2ddc
_n0
_cBK
_e21
999 _c55816
_d55816